|
|
|
|
| LEADER |
02025nam a2200481 i 4500 |
| 001 |
EBC2054909 |
| 003 |
MiAaPQ |
| 005 |
20200909225244.0 |
| 006 |
m o d | |
| 007 |
cr cnu|||||||| |
| 008 |
150527t20152015enk ob 000 0 eng d |
| 020 |
|
|
|z 9781784417826
|
| 020 |
|
|
|a 9781784417819
|q (electronic bk.)
|
| 035 |
|
|
|a (MiAaPQ)EBC2054909
|
| 035 |
|
|
|a (Au-PeEL)EBL2054909
|
| 035 |
|
|
|a (CaPaEBR)ebr11055518
|
| 035 |
|
|
|a (CaONFJC)MIL784699
|
| 035 |
|
|
|a (OCoLC)913843019
|
| 040 |
|
|
|a MiAaPQ
|b eng
|e rda
|e pn
|c MiAaPQ
|d MiAaPQ
|
| 050 |
|
4 |
|a HC21
|b .R474 2015
|
| 082 |
0 |
|
|a 339.31021
|2 23
|
| 245 |
0 |
0 |
|a Research in economic history /
|c edited by Christopher Hanes, Susan Wolcott ; contributors, Jessica S. Bean [and seven others].
|
| 250 |
|
|
|a First edition.
|
| 264 |
|
1 |
|a Bingley, England :
|b Emerald,
|c 2015.
|
| 264 |
|
4 |
|c 2015
|
| 300 |
|
|
|a 1 online resource (272 pages).
|
| 336 |
|
|
|a text
|2 rdacontent
|
| 337 |
|
|
|a computer
|2 rdamedia
|
| 338 |
|
|
|a online resource
|2 rdacarrier
|
| 490 |
0 |
|
|a Research in Economic History,
|x 0363-3268 ;
|v Volume 31
|
| 500 |
|
|
|a "Emerald Books"--Cover.
|
| 504 |
|
|
|a Includes bibliographical references at the end of each chapters.
|
| 588 |
|
|
|a Description based on online resource; title from PDF title page (ebrary, viewed May 25, 2015).
|
| 590 |
|
|
|a Electronic reproduction. Ann Arbor, MI : ProQuest, 2016. Available via World Wide Web. Access may be limited to ProQuest affiliated libraries.
|
| 650 |
|
0 |
|a Economic history
|v Statistics.
|
| 650 |
|
0 |
|a Economic indicators.
|
| 655 |
|
4 |
|a Electronic books.
|
| 700 |
1 |
|
|a Hanes, Christopher,
|e editor.
|
| 700 |
1 |
|
|a Wolcott, Susan K.,
|e editor.
|
| 700 |
1 |
|
|a Bean, Jessica S.,
|e contributor.
|
| 776 |
0 |
8 |
|i Print version:
|t Research in economic history.
|b First edition.
|d Bingley, England : Emerald, c2015
|h x, 261 pages
|k Research in Economic History ; Volume 31
|z 9781784417826
|
| 797 |
2 |
|
|a ProQuest (Firm)
|
| 856 |
4 |
0 |
|u https://ebookcentral.proquest.com/lib/matrademy/detail.action?docID=2054909
|z Click to View
|